Les Communes de Toulouse Métropole - Statistiques

Statistiques générales
  • Ce quiz a été pris 139 fois
  • Le résultat moyen est 9 sur 25
Statistiques - réponses
Habitants Communes % Correct
26,5 K Blagnac
95%
511,7 K Toulouse
87%
40,2 K Colomiers
82%
17,4 K Balma
77%
29,4 K Tournefeuille
66%
5,8 K L'Union
60%
9,3 K Aucamville
47%
20,3 K Cugnaux
44%
13,8 K Saint-Orens-de-Gameville
41%
5,7 K Fenouillet
40%
8,2 K Cornebarrieu
32%
8,2 K Beauzelle
25%
8,7 K Pibrac
24%
11 K Castelginest
23%
9,2 K Launaguet
23%
6,4 K Saint-Alban
22%
6 K Quint-Fonsegrives
20%
3 K Fonbeauzard
18%
1 K Pin-Balma
17%
3,3 K Seilh
17%
7,3 K Aussonne
16%
3,2 K Gagnac-sur-Garonne
16%
2,9 K Brax
9%
10,4 K Villeneuve-Tolosane
9%
5,7 K Mondonville
5%
Aucun quiz correspondant
Distribution des résultats
% des personnes avec chaque résultat
Percentile par nombre de réponses
Votre historique - résultats
Vous n’avez pas pris ce quiz